Сага за Йоста Берлинг (Запис номер 185765)
[ съкратено ]
| 000 -Лидер | |
|---|---|
| Контролно поле с фиксирана дължина | 01444nam a2200325 c 4500 |
| 003 - Код на организацията, давaща контролен номер | |
| Контролно поле | BLK |
| 005 - Дата и час на последна редакция | |
| Контролно поле | 20241223105333.0 |
| 008 - Елементи от данни с фиксирана дължина | |
| fixed length control field | 180411b bul|||||r ||||||| ||bul|| |
| 010 ## - Наследен системен номер | |
| LC control number | KNG00194759000 |
| 040 ## - Източник на каталожния запис | |
| Идентификатор на билиотеката - собственик на записа | BLK |
| 041 ## - Код за език | |
| Код за езика на текст/звукозапис или на отделно заглавие | Български |
| Код за езика КДБФ | Български |
| 080 ## - УДК | |
| Текстов определител УДК | Шведска литература |
| УДК код - определител по УДК | 821.113.6 |
| УДК определител | -31 |
| УДК - код + определител | 821.113.6-31 |
| 100 1# - Редна дума - Автор | |
| Автор | Лагерльоф, Селма Отилиана Лувиса |
| Авторска отговорност | първи автор |
| R(LIN) | 86997 |
| 139 ## - Редно поле | |
| Редна дума | Лагерльоф, Селма Отилиана Лувиса |
| Авторски знак | Лаг - Л 13 |
| 245 10 - Сведения за заглавието | |
| Заглавие | Сага за Йоста Берлинг |
| Подзаглавни данни | Роман |
| Редно поле (дума) | Селма Отилиана Лувиса Лагерльоф; прев. от швед. Теодора Иванова Джебарова; предг. от Нешо Давидов. |
| 257 ## - Страна на издаване | |
| Страна на създаване/издаване | Швеция |
| 260 ## - Област на издателските данни | |
| -- | София |
| Име на издателя, разпространителя и проч. | Нар. култура |
| Година на издаване | 1984 |
| 300 ## - Физическа характеристика | |
| Страници | 416 с. |
| Размери/Мащаб | 21 см |
| 380 ## - Жанр | |
| Жанр | Худож. лит. |
| 490 1# - СЕРИИ (Колекции) | |
| Име на серия | Библиотека Световна класика |
| 500 ## - Общи забележки | |
| Забележка | Ориг. загл. Gosta Berlings saga / Selma Lagerlof. - 50 125 тир. |
| 700 1# - Други автори (авторска отговорност) | |
| Лично име | Джебарова, Теодора Иванова |
| Автороска отговорност (Описва отношението между автора и произведението) | прев. от швед. |
| 9 (RLIN) | 365894 |
| 700 1# - Други автори (авторска отговорност) | |
| Лично име | Давидов, Нешо |
| Автороска отговорност (Описва отношението между автора и произведението) | предг. от |
| 9 (RLIN) | 367692 |
| 852 ## - Местоположение | |
| Форматна сигнатура | Цб 131206 |
| 856 4# - Електронен адрес и достъп | |
| Електронен формат | pdf - файл |
| Път до файла /url/ | |
| 856 4# - Електронен адрес и достъп | |
| Електронен формат | pdf - файл |
| Път до файла /url/ | |
| 942 ## - АРТИКУЛИ | |
| Вид на библиотечния материал | Книги |
| Скрит в OPAC | Не |
| Koha issues (borrowed), all copies | 2 |
| 944 ## - СЪЗДАВАНЕ И РЕДАКЦИЯ на ЗАПИСА | |
| Създаване/Редакция | Създаване |
| Дата на регистрацията/редакция | 31.10.2016 |
| Служител, извършил регистрацията/редакцията | 30576 |
| Статус, дата на статуса | Цветомила Тодорова |
| 944 ## - СЪЗДАВАНЕ И РЕДАКЦИЯ на ЗАПИСА | |
| Създаване/Редакция | Редакция |
| Дата на регистрацията/редакция | 31.10.2016 |
| Служител, извършил регистрацията/редакцията | Грета_Цуфелде |
| 999 ## - СИСТЕМНИ КОНТРОЛНИ НОМЕРА | |
| Koha biblionumber | 185765 |
| Koha biblioitemnumber | 185765 |
| Код за отписване | Код за изгубен артикул | Източник на класификационната схема | Код за повреда | Коз за рестрикции | Код за отдаване | Артикулен № | Име на библиотеката - собственик | Име на библиотеката, в която се намира в момента | Статус (Текущо местоположение) | Дата на вписване в системата | Местоположение - отдел | Цена в лева | Инвентарен номер | Систематично азбучна сигнатура | Баркод | Номер на екземпляра | Цена в евро | Служебна бележка | Служебен тип на артикула | Бележка за публиката |
|---|---|---|---|---|---|---|---|---|---|---|---|---|---|---|---|---|---|---|---|---|
| Не е изгубен | Universal Decimal Classification | Не е повреден | без рестрикции | ползва се в читалня | 322446 | Регионална библиотека "Любен Каравелов" Русе | Регионална библиотека "Любен Каравелов" Русе | Хранилище | 1984-01-01 | Хранилище | 3.42 | 418175 | Цб 131206 | 900000016750 | 1 | 1.75 | N: стар фонд Дата: 01.01.1984 | Книги | ||
| Не е изгубен | Universal Decimal Classification | Не е повреден | без рестрикции | заемане за дома | 322447 | Регионална библиотека "Любен Каравелов" Русе | Регионална библиотека "Любен Каравелов" Русе | Дубликат | 1984-01-01 | Заемна - подръчен фонд | 2.42 | 417611 | П 839.7-3/Л 13 | 120000417611 | 2 | 1.24 | N: стар фонд Дата: 01.01.1984 | Книги | ||
| Изтеглен | Не е изгубен | Universal Decimal Classification | Не е повреден | без рестрикции | заемане за дома | 322448 | Регионална библиотека "Любен Каравелов" Русе | Регионална библиотека "Любен Каравелов" Русе | Заемна - подръчен фонд | 1984-01-01 | Заемна - подръчен фонд | 3.42 | 417612 | П 839.7-3/Л 13 | 417612 | 3 | 1.75 | N: стар фонд Дата: 01.01.1984 | Книги | |
| Изтеглен | Не е изгубен | Universal Decimal Classification | Не е повреден | без рестрикции | заемане за дома | 322449 | Регионална библиотека "Любен Каравелов" Русе | Регионална библиотека "Любен Каравелов" Русе | Заемна - подръчен фонд | 1984-01-01 | Заемна - подръчен фонд | 3.42 | 417615 | П 839.7-3/Л 13 | 417615 | 4 | 1.75 | N: стар фонд Дата: 01.01.1984 Дата инв: 12.02.2018 Бележки инв: П2018 | Книги | |
| Не е изгубен | Universal Decimal Classification | Не е повреден | без рестрикции | заемане за дома | 322450 | Регионална библиотека "Любен Каравелов" Русе | Регионална библиотека "Любен Каравелов" Русе | Заемна - подръчен фонд | 1984-01-01 | Заемна - подръчен фонд | 3.42 | 417617 | П 839.7-3/Л 13 | 120000417617 | 5 | 1.75 | N: стар фонд Дата: 01.01.1984 Дата инв: 12.02.2018 Бележки инв: П2018 | Книги | ||
| Изтеглен | Не е изгубен | Не е повреден | без рестрикции | заемане за дома | 322451 | Регионална библиотека "Любен Каравелов" Русе | Регионална библиотека "Любен Каравелов" Русе | 1984-01-01 | Заемна - подръчен фонд | 3.42 | 417619 | П 839.7-3/Л 13 | 417619 | 6 | 1.75 | N: стар фонд Дата: 01.01.1984 | Книги | Отч.N: 5 , Дата: 19.01.2018 |